00788nam a2200169Ia 4500008004100000020001800041041000800059082001900067100002100086245029500107250000600402260003900408300001000447650000900457999001900466952013300485210716s2016 xx 000 0 und d a9781784391034 aeng a620.00151 CIRA aCirillo, Andrea. aRStudio for R statistical computing cookbook: over 50 practical and useful recipes to help you perform data analysis with R by unleashing every native RStudio feature.bOver 50 practical and useful recipes to help you perform data analysis with R by unleashing every native RStudio feature. a1 aMumbaibPackt Publishing Ltdc2016 ax,229 aNone c196738d196738 001040708MCAaAIMITbAIMITeKnowledge Worldg799.00l0o620.00151 CIRApMCA16253r2025-07-21 00:00:00v599.25w2021-07-16yBK